[Event "EU-chT Seniors 50"]
[Site "Swidnica"]
[Date "2023.07.19"]
[Round "8.5"]
[White "Fink Nunn, Petra"]
[Black "Stec, Czeslaw"]
[Result "1/2-1/2"]
[WhiteElo "1982"]
[BlackElo "1653"]
[PlyCount "46"]
[EventDate "2023.07.12"]
[EventType "team-tourn"]
[EventRounds "9"]
[EventCountry "POL"]
[SourceTitle "CBM 215 Extra"]
[Source "ChessBase"]
[SourceDate "2023.09.30"]
[SourceVersion "1"]
[SourceVersionDate "2023.09.30"]
[SourceQuality "1"]
[WhiteTeam "England 50 (W)"]
[BlackTeam "Swidnica 50"]
[WhiteTeamCountry "ENG"]
[BlackTeamCountry "POL"]

1. e4 c6 2. d4 d5 3. e5 Bf5 4. Nf3 e6 5. Be2 c5 6. Be3 Qb6 7. Nc3 c4 8. 0-0 Qxb2 9. Qb1 Qxb1 10. Rfxb1 b6 11. Nb5 Na6 12. Rb2 Kd7 13. Nh4 Bg6 14. Bd2 Nc7 15. a4 Ne7 16. Nxg6 fxg6 17. Nxc7 Kxc7 18. a5 Rb8 19. axb6+ axb6 20. Ra7+ Kc8 21. Ra6 Kc7 22. Ra7+ Kc8 23. Ra6 Kc7 1/2-1/2

[Event "EU-chT Seniors 50"]
[Site "Swidnica"]
[Date "2023.07.15"]
[Round "4.3"]
[White "Crocker, Philip J"]
[Black "Stec, Czeslaw"]
[Result "1/2-1/2"]
[WhiteElo "2151"]
[BlackElo "1653"]
[PlyCount "104"]
[EventDate "2023.07.12"]
[EventType "team-tourn"]
[EventRounds "9"]
[EventCountry "POL"]
[SourceTitle "CBM 215 Extra"]
[Source "ChessBase"]
[SourceDate "2023.09.30"]
[SourceVersion "1"]
[SourceVersionDate "2023.09.30"]
[SourceQuality "1"]
[WhiteTeam "England 50 II"]
[BlackTeam "Swidnica 50"]
[WhiteTeamCountry "ENG"]
[BlackTeamCountry "POL"]

1. d4 d5 2. c4 e6 3. g3 c5 4. cxd5 exd5 5. Nf3 Nc6 6. Bg2 Nf6 7. 0-0 cxd4 8. Nxd4 Bc5 9. Nxc6 bxc6 10. Qc2 Qb6 11. Nc3 Be7 12. e4 Qc5 13. exd5 Nxd5 14. Re1 0-0 15. Qe2 Bf6 16. Nxd5 cxd5 17. Be3 Qa5 18. Red1 Be6 19. Bd4 Bxd4 20. Rxd4 Rab8 21. Qd2 Qxd2 22. Rxd2 Rfd8 23. Rad1 Kf8 24. b3 Rb5 25. Rd4 Rc5 26. f4 f6 27. R1d2 a5 28. Kf2 Ke7 29. Be4 h6 30. f5 Bf7 31. Ke3 Rc3+ 32. Kf4 Rc5 33. g4 Rd6 34. h4 Rd8 35. Bf3 Kd6 36. Rg2 Rh8 37. Re2 Re8 38. Red2 Rb8 39. g5 hxg5+ 40. hxg5 fxg5+ 41. Kxg5 Ke5 42. Rh4 Rc3 43. Re2+ Kd6 44. Bh5 Bxh5 45. Rxh5 Rg3+ 46. Kf4 Rg1 47. Re6+ Kc5 48. Rh2 Rf1+ 49. Kg4 Rg1+ 50. Kf3 Rf1+ 51. Kg4 Rg1+ 52. Kf3 Rf1+ 1/2-1/2

[Event "POL-chT3 Dolnoslaskie 1617"]
[Site "Poland"]
[Date "2016.11.27"]
[Round "3.14"]
[White "Marko, Piotr"]
[Black "Stec, Czeslaw"]
[Result "1/2-1/2"]
[WhiteElo "1734"]
[BlackElo "1863"]
[PlyCount "84"]
[EventDate "2016.10.16"]
[EventType "team-tourn"]
[EventRounds "11"]
[EventCountry "POL"]
[SourceTitle "EXT 2018"]
[Source "ChessBase"]
[SourceDate "2017.10.13"]
[SourceVersion "1"]
[SourceVersionDate "2017.10.13"]
[SourceQuality "1"]

1. e4 e5 2. Nf3 Nc6 3. Bb5 a6 4. Bxc6 dxc6 5. d4 exd4 6. Qxd4 Qxd4 7. Nxd4 Bd6 8. Be3 Ne7 9. Nd2 f5 10. f3 0-0 11. 0-0-0 fxe4 12. Nxe4 Nd5 13. Bg5 Be5 14. Kb1 Nf4 15. Rd2 Ne6 16. Nxe6 Bxe6 17. Nc5 Bc8 18. h3 h6 19. Re2 Bd6 20. Be3 Re8 21. Rhe1 Kf7 22. g4 Bg3 23. Bf2 Rxe2 24. Rxe2 Bxf2 25. Rxf2 b6 26. Nd3 c5 27. Kc1 Be6 28. a3 Re8 29. Kd2 Bc4 30. Re2 Rd8 31. Re3 g5 32. Ke2 Kf6 33. Kd2 Rd6 34. Kc3 Bxd3 35. cxd3 Re6 36. Re4 b5 37. Kd2 Rxe4 38. fxe4 Ke5 39. b4 cxb4 40. axb4 Kd4 41. Kc2 c5 42. bxc5 Kxc5 1/2-1/2